000 00722nam a2200289Ia 4500
005 20260324112350.0
008 008 260324s9999 xx 000 0 eng d
020 _a9781003255826
037 _aEBOOK
040 _aCRL
040 _beng
040 _cCRL
041 _2eng
041 _aeng
084 _qCRL
100 _aJudith Pickering; Geoffrey Samuel
_91142395
245 0 _aCollected Writings of Giles Clark
245 0 _bRecycling Madness with Jung, Spinoza and Santayana
260 _bTaylor and Francis
260 _c2024
365 _a
365 _b205
856 _uhttp://www.taylorfrancis.com/books/9781003255826
942 _cEBOOK
999 _c1731573
_d1731573